Manual de la mujer casera : (Record no. 171879)

MARC details
000 -LEADER
campo de control de longitud fija 00686nam a22001815i 4500
001 - NÚMERO DE CONTROL
campo de control 171879
003 - IDENTIFICADOR DE NÚMERO DE CONTROL
campo de control ES-MaACL
005 - FECHA Y HORA DE LA ÚLTIMA TRANSACCIÓN
campo de control 20250816092953.0
008 - DATOS DE LONGITUD FIJA--INFORMACIÓN GENERAL
campo de control de longitud fija 090605s1914 sp |||| | spa d
245 00 - MENCIÓN DEL TÍTULO
Título Manual de la mujer casera :
Resto del título consejos, recetas y procedimientos de economía doméstica /
Mención de responsabilidad, etc. recopilados por A. del M.
260 ## - PUBLICACIÓN, DISTRIBUCIÓN, ETC.
Lugar de publicación, distribución, etc. Madrid :
Nombre del editor, distribuidor, etc. [s.n.],
Fecha de publicación, distribución, etc. 1914 (
Fabricante Imp. de "Alrededor del Mundo")
300 ## - DESCRIPCIÓN FÍSICA
Extensión 120 p. ;
Dimensiones 19 cm.
490 1# - MENCIÓN DE SERIE
Mención de serie Biblioteca de "Alrededor del mundo"
650 #7 - PUNTO DE ACCESO ADICIONAL DE MATERIA--TÉRMINO DE MATERIA
Término de materia o nombre geográfico como elemento de entrada Economía doméstica
Fuente del encabezamiento o término embne
9 (RLIN) 135945
830 1# - PUNTO DE ACCESO ADICIONAL DE SERIE-TÍTULO UNIFORME
Título uniforme Biblioteca de "Alrededor del mundo"
9 (RLIN) 187712
852 4# - LOCALIZACIÓN
Ubicación ES-MaACL
Número de control de estantería D-1370(3)
Nota libre - Enc. en vol. facticio
Holdings
Estatus retirado Estado de pérdida Estado de daño No para préstamo Biblioteca de origen Biblioteca actual Ubicación en estantería Fecha de adquisición Fuente de adquisición Total de préstamos Signatura topográfica completa Código de barras Visto por última vez Precio de reemplazo Tipo de ítem Koha
        Biblioteca del Ateneo de Madrid Biblioteca del Ateneo de Madrid Sala Valle Inclán 05/06/2009     D-1370(3) 901180381 23/02/2023 23/02/2023 Libro impreso